Riconosci lo Stato - Quiz n°2 - Statistics

Statistiche generali
  • Questo quiz è stato fatto 155 volte
  • Il punteggio medio è 11 su 13
Statistiche sulle risposte
Indizio Risposta % Corretto
Iniziale della Capitale L
96%
Popolazione 542051 ab.
91%
Presidente della Repubblica George William Vella
90%
Superficie 316 km²
87%
Valuta Euro
87%
Fuso Orario UTC+1 UTC+2 in ora legale
85%
Primo Ministro Robert Abela
84%
Indipendenza 21 settembre 1964 dal Regno Unito
82%
Forma di Governo Repubblica parlamentare
80%
ISU 0,885
74%
PIL (nominale) 17 754 milioni di $
74%
Tasso di crescita 0,59%
71%
Risposta Malta
68%
Nessun quiz corrispondente trovato
Distribuzione punteggi
Percentuale di utenti per punteggio
Percentile per numero di risposta
I tuoi punteggi nel tempo
Non hai fatto questo quiz